Central Library OPAC University of Rajshahi

Three novels: (Record no. 17518)

MARC details
000 -LEADER
fixed length control field 00945nam a2200265 a 4500
001 - CONTROL NUMBER
control field 17518
003 - CONTROL NUMBER IDENTIFIER
rucl marc code BD-RjUL
005 - DATE AND TIME OF LATEST TRANSACTION
control field 20211209000144.0
008 - FIXED-LENGTH DATA ELEMENTS--GENERAL INFORMATION
fixed length control field 140217s1982 us nnn | 0 kneng
020 ## - INTERNATIONAL STANDARD BOOK NUMBER
International Standard Book Number 0940450011
035 ## - SYSTEM CONTROL NUMBER
System control number (BD-RjUL)17576
040 ## - CATALOGING SOURCE
Original cataloging agency DLC
Transcribing agency DLC
Language of cataloging eng
Modifying agency BD-RjUL
041 ## - LANGUAGE CODE
Language code of text/sound track or separate title eng
082 ## - DEWEY DECIMAL CLASSIFICATION NUMBER
Classification number 813
Author mark and year STT 1982
Edition number 23
100 ## - MAIN ENTRY--PERSONAL NAME
Personal name Stowe, Harriet Beecher
9 (RLIN) 76938
245 10 - TITLE STATEMENT
Title Three novels:
Remainder of title Uncle Tom's cabin or, life among the lowly, the minister's wooing, oldtown folks /
Statement of responsibility, etc. Harriet Beecher Stowe
260 ## - PUBLICATION, DISTRIBUTION, ETC. (IMPRINT)
Place of publication, distribution, etc. America :
Name of publisher, distributor, etc. the library of america,
Date of publication, distribution, etc. c1982.
300 ## - PHYSICAL DESCRIPTION
Pagination 1475 p. ;
Size 20 cm.
520 0# - SUMMARY, ETC.
Summary, etc. Portrait, head and shoulders, facing right.
540 ## - TERMS GOVERNING USE AND REPRODUCTION NOTE
Terms governing use and reproduction No known restrictions on publication.
650 ## - SUBJECT ADDED ENTRY--TOPICAL TERM
Topical term or geographic name as entry element American Fiction
9 (RLIN) 160606
856 41 - ELECTRONIC LOCATION AND ACCESS
Materials specified b&w film copy neg.
Path cph
Electronic name 3a13608
Electronic format type p
Uniform Resource Identifier <a href="http://hdl.loc.gov/loc.pnp/cph.3a13608">http://hdl.loc.gov/loc.pnp/cph.3a13608</a>
942 ## - ADDED ENTRY ELEMENTS (KOHA)
Source of classification or shelving scheme Dewey Decimal Classification
Koha item type Books
Holdings
Lost status Source of classification or shelving scheme Damaged status Not for loan Collection code Permanent Location Current Location Shelving location Date acquired Source of acquisition Cost, normal purchase price Total Checkouts Full call number Date last seen Copy number Koha item type
  Dewey Decimal Classification     Fiction Central Library, University of Rajshahi Central Library, University of Rajshahi   11/07/1994 N/A 0.00   813 STT 1982 17/02/2014 C-2 Books
  Dewey Decimal Classification     Non-fiction Central Library, University of Rajshahi Central Library, University of Rajshahi   11/07/1994 Asia foundation     813 STT 1982 24/10/2016 C-3 Books